| 000 | 00412nam a22001457a 4500 | ||
|---|---|---|---|
| 008 | 230605b xxu||||| |||| 00| 0 eng d | ||
| 082 |
_a327 _bDIP |
||
| 110 | _d2007 | ||
| 245 |
_aDiplomatic History _cThe Journal of the Society of Historians of American Foreign Relations |
||
| 260 |
_aUSA _bBlackwell Publishing _c2007 |
||
| 300 | _a166 p | ||
| 440 |
_n1 _pJanuary _v31 _x14677709 |
||
| 522 | _aUSA | ||
| 942 |
_2ddc _cBK |
||
| 999 |
_c299 _d299 |
||